Zwanzig Jahre Soldat Adolf Hitlers, (Record no. 4183)
[ view plain ]
| 000 -LEADER | |
|---|---|
| fixed length control field | 00857cam a22002411 4500 |
| 001 - CONTROL NUMBER | |
| control field | af 48000710 |
| 003 - CONTROL NUMBER IDENTIFIER | |
| control field | DLC |
| 005 - DATE AND TIME OF LATEST TRANSACTION | |
| control field | 20260227110845.0 |
| 008 - FIXED-LENGTH DATA ELEMENTS--GENERAL INFORMATION | |
| fixed length control field | 771014s1941 gw bcf 001 0bger c |
| 010 ## - LIBRARY OF CONGRESS CONTROL NUMBER | |
| LC control number | af 48000710 |
| 035 ## - SYSTEM CONTROL NUMBER | |
| System control number | (OCoLC)3343286 |
| 040 ## - CATALOGING SOURCE | |
| Original cataloging agency | Harvard Univ. Library |
| Transcribing agency | NWM |
| Modifying agency | OCoLC |
| -- | DLC |
| 042 ## - AUTHENTICATION CODE | |
| Authentication code | premarc |
| 050 00 - LIBRARY OF CONGRESS CALL NUMBER | |
| Classification number | DD247.G7 |
| Item number | S4 |
| 100 1# - MAIN ENTRY--PERSONAL NAME | |
| Personal name | Schmidt, Peter. |
| 245 10 - TITLE STATEMENT | |
| Title | Zwanzig Jahre Soldat Adolf Hitlers, |
| Remainder of title | zehn Jahre Gauleiter ; ein Buch von Kampf und Treue. |
| 260 ## - PUBLICATION, DISTRIBUTION, ETC. | |
| Place of publication, distribution, etc. | Köln, |
| Name of publisher, distributor, etc. | Westdeutscher Beobachter, |
| Date of publication, distribution, etc. | 1941. |
| 300 ## - PHYSICAL DESCRIPTION | |
| Extent | 285 p. |
| Other physical details | plates, ports., map. |
| Dimensions | 25 cm. |
| 500 ## - GENERAL NOTE | |
| General note | Includes addresses, essays and other material by Josef Grohé. |
| 600 10 - SUBJECT ADDED ENTRY--PERSONAL NAME | |
| Personal name | Grohé, Josef, |
| Dates associated with a name | 1902- |
| 610 20 - SUBJECT ADDED ENTRY--CORPORATE NAME | |
| Corporate name or jurisdiction name as entry element | Nationalsozialistische Deutsche Arbeiter-Partei. |
| 650 #0 - SUBJECT ADDED ENTRY--TOPICAL TERM | |
| Topical term or geographic name entry element | Nationalsozialistische Deutsche Arbeiter-Partei. Gau Köhn-Aachen. |
No items available.